header

Joomla! (Record no. 123381)

MARC details
000 -LEADER
fixed length control field 01148nam a2200289 a 4500
100 1# - MAIN ENTRY--AUTHOR NAME
Personal name Tiggeler, Eric.
245 10 - TITLE STATEMENT
Title Joomla!
260 ## - PUBLICATION, DISTRIBUTION, ETC. (IMPRINT)
Place of publication Olton, Birmingham :
Name of publisher Packt Pub. Ltd.,
Year of publication 2011.
300 ## - PHYSICAL DESCRIPTION
Number of Pages v, 215 p.
650 #0 - SUBJECT ADDED ENTRY--TOPICAL TERM
Topical Term Web site development.
Topical Term Web sites
856 40 - ELECTRONIC LOCATION AND ACCESS
Uniform Resource Identifier http://site.ebrary.com/lib/rucke/Doc?id=10457048

No items available.

© 2026 Rongo University
Contact us: librarian | system librarian | Rongo university